Specification searches: ad hoc inference with nonexperimental data
Wedi'i Gadw mewn:
| Prif Awdur: | |
|---|---|
| Fformat: | Llyfr |
| Iaith: | Saesneg |
| Cyhoeddwyd: |
Nueva York
John Wiley and Sons
1978
|
| Cyfres: | Wiley Series in Probability and Mathematical Statistics
|
| Pynciau: | |
| Tagiau: |
Ychwanegu Tag
Dim Tagiau, Byddwch y cyntaf i dagio'r cofnod hwn!
|
MARC
| LEADER | 00000nam a2200000 a 4500 | ||
|---|---|---|---|
| 001 | UCP2286 | ||
| 003 | CL-VaPUC | ||
| 008 | 990507e19780000US |||||||||||||||||eng|d | ||
| 082 | 0 | 4 | |a 519.54 |b LEA |2 21 |
| 100 | 0 | |a Leamer, Edward W |e author |9 428916 | |
| 245 | 1 | 0 | |a Specification searches: ad hoc inference with nonexperimental data |
| 300 | |a 370 p | ||
| 942 | |c BK | ||
| 945 | |d 19990507 00:00:00 |a crobeson | ||
| 260 | |a Nueva York |b John Wiley and Sons |c 1978 | ||
| 650 | 7 | |a INFERENCIA BAYESIANA |2 CL-VaPUC |9 428917 | |
| 650 | 0 | |a Inferencia estadística |9 312855 | |
| 650 | 7 | |a MODELO DE REGRESION LIONEAL |2 CL-VaPUC |9 428918 | |
| 650 | 7 | |a PRUEBA DE HIPOTESIS |2 CL-VaPUC |9 426759 | |
| 583 | |a last modification |c 19990507 00:00:00 |k Rodrigo Vera | ||
| 490 | 0 | |a Wiley Series in Probability and Mathematical Statistics | |
| 999 | |c 280840 |d 280838 | ||
| 952 | |0 0 |1 0 |4 0 |6 519_540000000000000_LEA_1978 |7 0 |8 A |9 321354 |a BIBGIM |b BIBGIM |d 2019-11-20 |i 1345435 |o 519.54 LEA 1978 |p 1345435 |r 2025-01-15 |w 2019-11-20 |y BK |k EST | ||